000 00533cab a2200229 4500
001 X687
008 090401t1993 xxu||||| |||| 00| 0 eng d
035 _a(Sirsi) u67039
041 _aeng
245 _aArable area payments and land transfers
260 _c1993
350 _a0
490 _aCS Monthly : Rural Practice
_v2(8) May 1993, 1(1)
650 _aAMENDMENTS
650 _aAREA AID
650 _aIACS FORMS
650 _aMAFF
650 _aMAPS
690 _aRURAL PRACTICE
942 _n0
948 _c04/03/1997
999 _c41924
_d41924